Les joueurs les plus décisifs en 2025 (Football) - Statistiques

Statistiques générales
  • Ce quiz a été pris 130 fois
  • Le résultat moyen est 9 sur 10
Statistiques - réponses
Classement Club Nombre de buts + passes décisives Joueurs % Correct
1 Real Madrid 76 Kylian Mbappé
100%
3 Manchester City 67 Erling Haaland
98%
6 Paris Saint-Germain 45 Ousmane Dembélé
98%
2 Bayern Munich 68 Harry Kane
97%
5 FC Barcelone 47 Lamine Yamal
96%
4 Bayern Munich 49 Michael Olise
94%
10 Inter Milan 40 Lautaro Martinez
91%
9 Atlético de Madrid 43 Julian Alvarez
87%
7 FC Barcelone 43 Raphinha
84%
8 Borussia Dortmund 43 Serhou Guirassy
81%
Aucun quiz correspondant
Distribution des résultats
% des personnes avec chaque résultat
Percentile par nombre de réponses
Votre historique - résultats
Vous n’avez pas pris ce quiz